| 000 | 01149nam a22002891 4500 | ||
|---|---|---|---|
| 001 | 33101 | ||
| 003 | BD-RjUL | ||
| 005 | 20211209051939.0 | ||
| 008 | 140430s1966 nyu 001 0 eng d | ||
| 035 | _a(BD-RjUL)33192 | ||
| 040 |
_aDLC _cOClU _dOCoLC _dDLC _beng |
||
| 041 | _aeng | ||
| 082 | 0 | 0 |
_a330.1 _bWEM |
| 100 | 1 |
_aWeber, Max, _d1864-1920. _9100574 |
|
| 245 | 1 | 4 |
_aMax Weber : _ctr. by A. M. Henderson and Talcott Parsons, ed. with an introd. by Talcott Parsons. _bThe theory of social and economic organization / |
| 260 |
_aNew York : _bOxford University Press, _c1964 [Printing 1966, 68]. |
||
| 300 |
_ax, 436 p. ; _c25 cm. |
||
| 500 | _a"A translation of part I of Max Weber's Wirtschaft und Gesellschaft, which was in turn originally published as volume III of the collaborative work Grundriss der Sozialoekonomik." | ||
| 504 | _aInclude index | ||
| 650 | 0 |
_aEconomics. _9100575 |
|
| 650 | 0 |
_aSociology. _9100576 |
|
| 700 | 1 |
_aHenderson, A. M. _q(Alexander Morell), _d1914- _etr. _9100577 |
|
| 700 | 1 |
_aParsons, Talcott, _d1902-1979, _eed. and tr. _9100578 |
|
| 942 |
_2ddc _cBK |
||
| 999 |
_c33101 _d33101 |
||